Statistics for Leaders of the Norwegian Labour Party (Arbeiderpartiet)

Click here to take the quiz!

General Stats

  • This quiz has been taken 6 times
    (5 since last reset)
  • The average score is 10 of 22

Answer Stats

Years as leaderAnswer% Correct
1981-1992Gro Harlem Brundtland
100%
2002-2014Jens Stoltenberg
100%
2014 - todayJonas Gahr Støre
100%
1945-1965Einar Gerhardsen
67%
1992-2002Thorbjørn Jagland
67%
1887-1888Anders Andersen
33%
1894-1897Carl Jeppesen
33%
1890-1892Carl Jeppesen
33%
1900-1903Christian Holtermann Knudsen
33%
1889-1890Christian Holtermann Knudsen
33%
1911-1918Christian Holtermann Knudsen
33%
1903-1906Christopher Hornsrud
33%
1922-1923 (acting)Emil Stang the Younger
33%
1893-1894Gustav Olsen-Berg
33%
1888-1889Hans G. Jensen
33%
1918-1922Kyrre Grepp
33%
1897-1900Ludvig Meyer
33%
1892-1893Ole Georg Gjøsteen
33%
1906-1911Oscar Nissen
33%
1923-1945Oscar Torp
33%
1975-1981Reiulf Steen
33%
1965-1975Trygve Bratteli
33%

Score Distribution

Percentile by Number Answered

Percent of People with Each Score

Your Score History

You have not taken this quiz since the last reset